000 00484nam a22001937a 4500
999 _c6758
_d6758
003 OSt
005 20210209151034.0
008 210209b ||||| |||| 00| 0 eng d
020 _a0745626440
040 _cDDC
082 _2303.66JOA 2003
100 _aJoas,Hans;
_913864
245 _aWar and Modernity.
260 _abritain,
_bpolity
_c2003.
300 _avi,248;
504 _aincludes notes, bibliography and index
650 _asocial studies
_912766
942 _2ddc
_cO_SHELF